Statistics for Africa Geography by Letter - N

Click here to take the quiz!

General Stats

  • This quiz has been taken 93 times
  • The average score is 11 of 20

Answer Stats

HintAnswer% Correct
Name of both a country and a river that flows through itNiger
100%
Capital and largest city of KenyaNairobi
99%
The longest river in Africa and possibly the worldNile River
99%
Coastal desert in southwestern Africa; largely in the below answerNamib
98%
The most populous country in AfricaNigeria
98%
Country which gained independence from South Africa in 1990Namibia
97%
The capital and largest city of the above countryNiamey
91%
Capital and largest city of ChadN'Djamena
85%
Capital and largest city of MauritaniaNouakchott
83%
Region in southern Egypt and northern Sudan which was home to an ancient civilizationNubia
75%
Name for Malawi when it was under British ruleNyasaland
43%
Languages of which the northern variety is official in Zimbabwe and the southern in South AfricaNdebele
33%
Currency of the above countrynaira
28%
Largest province of South AfricaNorthern Cape
26%
Very large inactive volcanic crater and conservation area in TanzaniaNgorongoro
16%
Active volcano in eastern DR Congo which has one of the biggest lava lakes historyMount Nyiragongo
9%
National park in Botswana home to wildlife and incredibly old baobab treesNxai Pan National Park
9%
Tallest mountain in both DR Congo and UgandaMount Ngaliema
7%
Plateau in Malawi and Zambia home to two national parks and abundant wildlifeNyika Plateau
7%
Village in Ghana built entirely on stilts over a lakeNzulezo
7%

Score Distribution

Percentile by Number Answered

Percent of People with Each Score

Your Score History

You have not taken this quiz